The Appeal of Social Accelerators: What do Social Entrepreneurs Value? (Record no. 347591)
[ view plain ]
| 000 -LEADER | |
|---|---|
| fixed length control field | 00550nam a2200133Ia 4500 |
| 008 - FIXED-LENGTH DATA ELEMENTS--GENERAL INFORMATION | |
| fixed length control field | 171207s9999 xx 000 0 und d |
| 100 ## - MAIN ENTRY--PERSONAL NAME | |
| Personal name | Pandey, Sheela |
| 245 #4 - TITLE STATEMENT | |
| Title | The Appeal of Social Accelerators: What do Social Entrepreneurs Value? |
| 245 ## - TITLE STATEMENT | |
| Statement of responsibility, etc | Sheela Pandey, Saurabh Lall, Sanjay K. Pandey & Sucheta Ahlawat |
| 260 ## - PUBLICATION, DISTRIBUTION, ETC. (IMPRINT) | |
| Date of publication, distribution, etc | 2017 |
| 300 ## - PHYSICAL DESCRIPTION | |
| Extent | pages 88-109, March 2017 |
| 440 ## - SERIES STATEMENT/ADDED ENTRY--TITLE | |
| Title | Journal of Social Entrepreneurship |
| Volume number/sequential designation | 8:1 |
| 650 ## - SUBJECT ADDED ENTRY--TOPICAL TERM | |
| Topical term or geographic name as entry element | Social accelerator, social entrepreneur, value proposition, population ecology, sponsorship, human capital |
| Withdrawn status | Lost status | Damaged status | Home library | Current library | Date acquired | Total Checkouts | Date last seen | Price effective from | Koha item type |
|---|---|---|---|---|---|---|---|---|---|
| College Library | College Library | 12/07/2017 | 12/07/2017 | 12/07/2017 | Periodicals |